Slowakische Zeitungen und Zeitschriften aus der Tschechoslowakei

Bibliographic Details
Format: Book
Language:German
PhysicalDescription:86 s. 4°
Published: Bratislava Slovart 1971
Subjects:

MARC

LEADER 00000cam a2200000 a 4500
001 vtls008335575
003 SK-MaSNL
005 20260311151410.0
008 230403s1971 xo c 000 0 ger
015 |a SNBA1971/09-02329 
035 |a SK01SNK19710027792 
035 |a urn:nbn:sk:snk-amkdsg 
035 |a urn:nbn:sk:snk-am008ca0 
035 |a C107203A-8059-4014-B196-25363C85D39F 
035 |a SKM000030255 
040 |a SNK  |b slo  |c SNK  |e AACR2 
041 0 |a ger 
044 |a xo  |c SK 
080 |a 07+05(437.6)((083.8)=3  |2 1981 
080 |a 07(437.6)(083.8)=3  |2 1981 
245 0 0 |a Slowakische Zeitungen und Zeitschriften aus der Tschechoslowakei 
260 |a Bratislava  |b Slovart  |c 1971 
300 |a 86 s.  |c 4° 
650 0 7 |a časopisy  |2 SNKPH  |9 1421 
650 0 7 |a noviny  |2 SNKPH  |9 1420 
650 0 7 |a katalógy  |2 SNKPH  |9 3488 
651 7 |a Československo  |2 SNKPH  |9 21376 
655 7 |a príručky  |2 SNKPH  |9 74364 
852 |a Slovenská národná knižnica 
954 |a odborná, vedecká literatúra cudzojazyčná (svetová)  |2 lita 
958 |a OND 
958 |a RM 
958 |a RK 
958 |a KL 
958 |a DE 
958 |a EUIPO 
999 |c 1198718  |d 1200648 
952 |a SNK  |b SNK  |y PREZ  |7 0  |p 17A0890844  |o snkSB 17464  |i snkKSP 6926/71  |0 0  |1 0  |4 0  |d 2015-02-02  |f 1  |l 0  |r 2025-03-18 00:00:00  |w 2026-02-24 
952 |a SNK  |b SNK  |y VYP  |7 0  |o snkSB 17464 D1  |i snkKSP 6927/71  |0 0  |1 0  |4 0  |d 2015-02-02  |l 0  |r 2026-02-24 22:34:29  |w 2026-02-24